| 000 | 00523nam a2200193Ia 4500 | ||
|---|---|---|---|
| 003 | GCL | ||
| 008 | 140319s9999 xx 000 0 eng d | ||
| 040 |
_aGCL / _cGCL |
||
| 082 | 0 | 4 |
_a547 _bV A |
| 100 | 1 | _aVISHNOI, N.K. | |
| 245 | 1 | 0 |
_aADVANCED PRACTICAL ORGANIC CHAMISTY / _cVISHNOI, N.K. |
| 260 |
_a[S.N] : _bVIKAS PUBLISHING HOUSE PVT. LTD ، _c1979 |
||
| 300 | _a472 P | ||
| 650 | 0 | 4 | _aCHROMATOGRAPLY |
| 650 | 0 | 4 | _aORGANIC CHEMISTRY |
| 650 | 0 | 4 | _aORGANIC COMPOUNDS |
| 650 | 0 | 4 | _aMOLECULAR WEIGHT |
| 942 |
_2ddc _cBK |
||
| 999 |
_c20540 _d20540 |
||